<?xml version="1.0" encoding="UTF-8"?>
<record
    xmlns:xsi="http://www.w3.org/2001/XMLSchema-instance"
    xsi:schemaLocation="http://www.loc.gov/MARC21/slim http://www.loc.gov/standards/marcxml/schema/MARC21slim.xsd"
    xmlns="http://www.loc.gov/MARC21/slim">

  <leader>02525nam a2200313 a 4500</leader>
  <controlfield tag="003">OSt</controlfield>
  <controlfield tag="005">20260210131924.0</controlfield>
  <controlfield tag="007">cr ||||||a|c|a</controlfield>
  <controlfield tag="008">240208s2019    mx a|||fom||| 001 0 spa d</controlfield>
  <datafield tag="040" ind1=" " ind2=" ">
    <subfield code="e">rda</subfield>
  </datafield>
  <datafield tag="100" ind1="1" ind2=" ">
    <subfield code="9">188664</subfield>
    <subfield code="a">Gonz&#xE1;lez Le&#xF3;n, Marco Antonio</subfield>
  </datafield>
  <datafield tag="245" ind1="1" ind2="0">
    <subfield code="a">Comportamiento productivo e indicadores de bienestar en pollos de engorda en pastoreo /</subfield>
    <subfield code="c">por Marco Antonio Gonz&#xE1;lez L&#xE9;&#xF3;n ; director de tesis Fernando Gonz&#xE1;lez Le&#xF3;n.</subfield>
  </datafield>
  <datafield tag="264" ind1=" " ind2="1">
    <subfield code="a">Chapingo, M&#xE9;xico :</subfield>
    <subfield code="b">El autor,</subfield>
    <subfield code="c">2019.</subfield>
  </datafield>
  <datafield tag="300" ind1=" " ind2=" ">
    <subfield code="a">1 recurso en l&#xED;nea (62 p&#xE1;ginas):</subfield>
    <subfield code="b">cuadros, figuras.</subfield>
  </datafield>
  <datafield tag="336" ind1=" " ind2=" ">
    <subfield code="2">rdacontent</subfield>
    <subfield code="a">texto</subfield>
    <subfield code="b">txt</subfield>
  </datafield>
  <datafield tag="337" ind1=" " ind2=" ">
    <subfield code="2">rdamedia</subfield>
    <subfield code="a">computadora</subfield>
    <subfield code="b">c</subfield>
  </datafield>
  <datafield tag="338" ind1=" " ind2=" ">
    <subfield code="2">rdacarrier</subfield>
    <subfield code="a">recurso en l&#xED;nea</subfield>
    <subfield code="b">cr</subfield>
  </datafield>
  <datafield tag="502" ind1=" " ind2=" ">
    <subfield code="b">IAEZ</subfield>
    <subfield code="c">Zootecn&#xED;a</subfield>
    <subfield code="d">2019.</subfield>
    <subfield code="g">LIC</subfield>
  </datafield>
  <datafield tag="504" ind1=" " ind2=" ">
    <subfield code="a">Incluye referencias bibliogr&#xE1;ficas: p&#xE1;ginas 41-52.</subfield>
  </datafield>
  <datafield tag="520" ind1=" " ind2=" ">
    <subfield code="a">El objetivo fue evaluar el comportamiento productivo e indicadores de bienestar de pollos de engorda en pastoreo. Se utilizaron 168 pollos Ross 308, de 33 d de edad, que se asignaron al azar a dos tratamientos: T1: crianza en confinamiento con alimentaci&#xF3;n ad libitum y T2: sistema de 8 horas de pastoreo y raci&#xF3;n de concentrado restringida al 40% del consumo de los pollos del T1. Se evalu&#xF3; el comportamiento productivo de 33 a 54 d de edad, habilidad para caminar (Hc), latencia a postrarse (Lp), quemaduras de almohadillas plantares (Qp), angulaci&#xF3;n valgus/varus (AngV/V), resistencia a la ruptura de tend&#xF3;n gastrocnemio (RRTe) y de la tibia (RRTi). El comportamiento productivo entre tratamientos fue diferente (P&lt;0.05). Los pollos en T1 tuvieron mayor peso vivo a 54 d de edad (3,379&#xB1;39 g) que T2 (2,223&#xB1;39 g). Asimismo, la conversi&#xF3;n alimenticia de 33 a 54 d de edad fue menor en aves de confinamiento (2.05&#xB1;0.05 g/g) que en pastoreo (2.28&#xB1;0.05 g/g). Estas &#xFA;ltimas mostraron una mejor (P&lt;0.05) Hc y Lp, pero no se detectaron diferencias entre tratamiento (P&#x2265;0.05) para AngV/V, Qp, y RRTe. En conclusi&#xF3;n, el pastoreo con restricci&#xF3;n del consumo de concentrado, mejora los indicadores de bienestar Hc y Lp, pero afecta el comportamiento productivo.</subfield>
  </datafield>
  <datafield tag="650" ind1=" " ind2="4">
    <subfield code="9">188670</subfield>
    <subfield code="a">Pollos</subfield>
    <subfield code="x">Pastoreo</subfield>
  </datafield>
  <datafield tag="650" ind1=" " ind2="4">
    <subfield code="9">90269</subfield>
    <subfield code="a">Pollos de engorde</subfield>
  </datafield>
  <datafield tag="650" ind1=" " ind2="4">
    <subfield code="9">90268</subfield>
    <subfield code="a">Pollos</subfield>
    <subfield code="x">Alimentaci&#xF3;n</subfield>
  </datafield>
  <datafield tag="650" ind1=" " ind2="4">
    <subfield code="9">132626</subfield>
    <subfield code="a">Pollos</subfield>
    <subfield code="x">Cr&#xED;a</subfield>
  </datafield>
  <datafield tag="650" ind1=" " ind2="4">
    <subfield code="9">12634</subfield>
    <subfield code="a">Bienestar animal</subfield>
  </datafield>
  <datafield tag="700" ind1="1" ind2=" ">
    <subfield code="9">48783</subfield>
    <subfield code="a">Gonz&#xE1;lez Cer&#xF3;n, Fernando</subfield>
    <subfield code="e">Director de tesis.</subfield>
  </datafield>
  <datafield tag="856" ind1=" " ind2=" ">
    <subfield code="u">http://10.13.5.2/tesis/tl/Gonzalez_Leon_Marco_Antonio.pdf</subfield>
    <subfield code="z">DESCARGAR PDF</subfield>
  </datafield>
  <datafield tag="942" ind1=" " ind2=" ">
    <subfield code="2">Clasificaci&#xF3;n Universidad Aut&#xF3;noma Chapingo</subfield>
    <subfield code="c">TD</subfield>
  </datafield>
  <datafield tag="999" ind1=" " ind2=" ">
    <subfield code="c">219654</subfield>
    <subfield code="d">219654</subfield>
  </datafield>
  <datafield tag="952" ind1=" " ind2=" ">
    <subfield code="0">0</subfield>
    <subfield code="1">0</subfield>
    <subfield code="2">local</subfield>
    <subfield code="4">0</subfield>
    <subfield code="5">1</subfield>
    <subfield code="7">0</subfield>
    <subfield code="8">TesDigL</subfield>
    <subfield code="a">BD</subfield>
    <subfield code="b">BD</subfield>
    <subfield code="c">E_L</subfield>
    <subfield code="d">2024-02-08</subfield>
    <subfield code="l">0</subfield>
    <subfield code="o">Tesis digital</subfield>
    <subfield code="r">2024-02-08 00:00:00</subfield>
    <subfield code="w">2024-02-08</subfield>
    <subfield code="y">TD</subfield>
  </datafield>
</record>
